书目信息 |
| 题名: |
证券市场审计合谋
|
|
| 作者: | 雷光勇 著 | |
| 分册: | ||
| 出版信息: | 北京 中国经济出版社 2005 |
|
| 页数: | 241页 | |
| 开本: | 21cm | |
| 丛书名: | 对外经济贸易大学国际商学院管理学文丛 | |
| 单 册: | ||
| 中图分类: | F831.51 | |
| 科图分类: | ||
| 主题词: | 证卷交易--审计--研究 | |
| 电子资源: | ||
| ISBN: | 7-5017-7282-7 | |
| 000 | 01074nam0 2200325 450 | |
| 000 | 01037nam0 2200313 450 | |
| 000 | 01007nam0 2200313 450 | |
| 000 | 00953nam0 2200289 450 | |
| 000 | 00982nam0 2200277 450 | |
| 000 | 00945nam0 2200265 45 | |
| 001 | TS2006046654 | |
| 005 | 20061209171326.84 | |
| 010 | @a7-5017-7282-7@dCNY25.00 | |
| 100 | @a20060829d2005 ekmy0chiy0121 ea | |
| 101 | 0 | @achi |
| 102 | @aCN@b110000 | |
| 105 | @ay a 000yy | |
| 200 | 1 | @a证券市场审计合谋@AZheng Quan Shi Chang Shen Ji He Mou@e识别与规制@EShi Bie Yu Gui Zhi@f雷光勇著@FLei Guang Yong Zhu |
| 210 | @a北京@c中国经济出版社@d2005 | |
| 215 | @a241页@d21cm | |
| 225 | 2 | @a对外经济贸易大学国际商学院管理学文丛 |
| 320 | @a有书目 | |
| 410 | 0 | @12001 @a对外经济贸易大学国际商学院管理学文丛 |
| 606 | 0 | @a证卷交易@x审计@x研究 |
| 690 | @aF831.51@v4 | |
| 701 | 0 | @a雷光勇@ALei Guang Yong@4著 |
| 801 | 0 | @aCN@b中图数据@c20061209 |
| 905 | @a10447@dF831.51@e18 | |
| 证券市场审计合谋:识别与规制/雷光勇著.-北京:中国经济出版社,2005 |
| 241页;21cm.-(对外经济贸易大学国际商学院管理学文丛) |
| ISBN 7-5017-7282-7:CNY25.00 |
| ● |
| 相关链接 |
|
|
|
|
正题名:证券市场审计合谋
索取号:F831.51/18
 
预约/预借
| 序号 | 登录号 | 条形码 | 馆藏地/架位号 | 状态 | 备注 |
| 1 | 0615281 | 206152811 | 第一样本阅览室/ [索取号:F831.51/18] | 在馆 | |
| 2 | 0615282 | 206152820 | 第一借阅区/ [索取号:F831.51/18] | 在馆 | |
| 3 | 0615283 | 206152839 | 第一借阅区/ [索取号:F831.51/18] | 在馆 | |
| 4 | 0615284 | 206152848 | 第一借阅区/ [索取号:F831.51/18] | 在馆 | |
| 5 | 0615285 | 206152857 | 第一借阅区/ [索取号:F831.51/18] | 在馆 | |
| 6 | 0615286 | 206152866 | 第一借阅区/ [索取号:F831.51/18] | 在馆 |